| 000 | 00936cam a2200265 a 4500 | ||
|---|---|---|---|
| 001 | 13919934 | ||
| 003 | Nust | ||
| 005 | 20220829150651.0 | ||
| 008 | 050404s2004 nyua b 000 1 eng | ||
| 010 | _a 2005046059 | ||
| 020 |
_a8172236212 _cRs. 479 |
||
| 038 | _aArshad | ||
| 040 |
_aDLC _cDLC _dDLC |
||
| 050 | 0 | 0 |
_aPS3553.R48 _bS73 2004 |
| 082 | 0 | 0 |
_a823 _bCRI |
| 100 | 1 |
_aCrichton, Michael, _d1942-2008. _912099 |
|
| 245 | 1 | 0 |
_aState of fear : _ba novel / _cMichael Crichton. |
| 250 | _a1st ed. | ||
| 260 |
_aNew York : _bHarperCollinsPublishers, _c2004. |
||
| 300 |
_axii, 603 p. : _bill. ; _c24 cm. |
||
| 655 | 7 |
_aSuspense fiction. _2gsafd _94577 |
|
| 906 |
_a7 _bcbc _corignew _d1 _eocip _f20 _gy-gencatlg |
||
| 942 |
_2ddc _cBK |
||
| 999 |
_c174466 _d174466 |
||